000 00435nam a2200157Ia 4500
008 220216s9999 xx 000 0 und d
100 _aMahapatra D
245 4 _aThe Impact of 200 series CB on C & C resistance of solid tire tread compound. Part.1
260 _bRubber World
_c2005
300 _a26-33
650 _aSolid tire tread compound
700 _aArun B
700 _aBrindha M
700 _aRavichandran K
942 _cJS
999 _c70748
_d70748